000 00691nam a2200193 a 4500
008 110328s1999 ||||||||||||||||| || u
020 _a9780465056743
050 _aBD 418.3 Lak
100 _aLakoff, George
245 1 0 _aPhilosophy in the flesh: the embodied mind and it's challenge to western thought
260 _aNew York:
_bBasic Books
_c1999
300 _axiv, 624p.
350 _a0.00
650 _aPHILOSOPHY
650 0 _aCOGNITIVE SCIENCE
650 _aPHILOSOPHY OF MIND
700 _aJohnson, Mark
995 _D0.00
_FCBU-MAIN LIBRARY (Kitwe)
_H1
_I0.00
_M1
_UAVAILABLE
_WMay 17, 2011
_ZMain Library Open Access Collection
999 _c53498
_d53498